| 000 | 01950nam0a2200397 4500 | ||
|---|---|---|---|
| 001 | RU\NLR\bibl\1441702 | ||
| 005 | 20250615224902.0 | ||
| 021 |
_aRU _b2009-77268 _94836 |
||
| 035 | _a(nilc)LIBNET\0000055071 | ||
| 035 | _aRU\NSKC\63011034\CAT\615038 | ||
| 035 | _a(NLR Aleph) 001433554 | ||
| 090 |
_a1417911 _c1417911 |
||
| 100 | _a20091015d2009 |||y0rusy50 ca | ||
| 101 | 0 | _arus | |
| 102 | _aRU | ||
| 105 | _aa ||||||||| | ||
| 200 | 1 |
_aПараллельность прямых и плоскостей _eучебно-методическое пособие по элементарной математике _fИ.Г. Липатникова, Г.В. Потапова, Е.А. Утюмова _gМ-во образования и науки Рос. Федерации, Федер. агентство по образованию, Гос. образоват. учреждение высш. проф. образования "Урал. гос. пед. ун-т" |
|
| 210 |
_aЕкатеринбург _cУрГПУ _d2009 |
||
| 215 |
_a246 с. _cил. _d21 |
||
| 320 | _aБиблиогр.: с. 246 (9 назв.) | ||
| 606 | 1 |
_aМатематика _jУчебно-методические пособия для высших учебных заведений _9922118 _3RU\NLR\auth\6619329 |
|
| 686 |
_aВ181 _vLBC/SL _2rubbk |
||
| 686 |
_a27.21 _2rugasnti |
||
| 686 | _aВ10я73-1 | ||
| 700 | 1 |
_aЛипатникова _bИ. Г. _gИрина Геннадьевна _4070 |
|
| 701 | 1 |
_aПотапова _bГ. В. _gГалина Васильевна _4070 |
|
| 701 | 1 |
_aУтюмова _bЕ. А. _gЕкатерина Александровна _4070 |
|
| 801 | 0 |
_aRU _bRKP _c20091015 _gPSBO |
|
| 801 | 1 |
_aRU _bRKP _c20091015 _gPSBO |
|
| 801 | 2 |
_aRU _bГПНТБ СО РАН _c20091015 _gPSBO |
|
| 801 | 2 |
_aRU _bГПНТБ СО РАН _c20100813 |
|
| 801 | 2 |
_aRU _bNLR _c20091123 _grcr |
|
| 830 | _aавт. по кн. | ||
| 942 | _cBOOK | ||
| 980 | _aNB | ||